[Event "35. Potsdamer Weihnachtsturnier"]
[Site "?"]
[Date "2010.12.28"]
[Round "4.28"]
[White "Boettcher, Frank"]
[Black "Steppan, Siegfried"]
[Result "1-0"]
[WhiteElo "1912"]
[BlackElo "1604"]
[PlyCount "75"]
[EventDate "2010.??.??"]
[WhiteTeam "USV Potsdam e.V., Abt. Schach"]
[BlackTeam "SV Werder/H."]

1. d4 Nf6 2. Nf3 g6 3. c4 Bg7 4. Nc3 O-O 5. e4 d6 6. g3 c5 7. Bg2 cxd4 8. Nxd4
a6 9. O-O Qc7 10. Qd3 Nc6 11. Nxc6 bxc6 12. h3 e5 13. Be3 Bb7 14. Rad1 Rfd8 15.
f4 Nh5 16. Rf3 exf4 17. gxf4 a5 18. f5 Be5 19. Bg5 f6 20. Be3 g5 21. Na4 c5 22.
Nc3 Nf4 23. Bxf4 gxf4 24. Nb5 Qf7 25. Nc3 Bc6 26. Rff1 Kh8 27. Nd5 Rg8 28. Nxf4
Qb7 29. b3 Bxe4 30. Ng6+ Rxg6 31. fxg6 Bxg2 32. Rfe1 Rg8 33. Rxe5 fxe5 34. Qxd6
Rxg6 35. Qxe5+ Kg8 36. Rd8+ Kf7 37. Qf4+ Kg7 38. Qf8# 1-0

[Event "35. Potsdamer Weihnachtsturnier"]
[Site "?"]
[Date "2010.12.28"]
[Round "4.29"]
[White "Walter-von Gierke, Frank"]
[Black "Schlueter, Bernd"]
[Result "0-1"]
[WhiteElo "1600"]
[BlackElo "2004"]
[PlyCount "74"]
[EventDate "2010.??.??"]
[WhiteTeam "ohne Verein"]
[BlackTeam "SV Rochade Potsdam-West e.V."]

1. Nf3 Nf6 2. d4 g6 3. c4 Bg7 4. Nc3 O-O 5. e4 d6 6. h3 Nbd7 7. Be3 e5 8. d5 a5
9. Bd3 b6 10. b3 Nc5 11. Bc2 Ne8 12. Bxc5 bxc5 13. Rb1 f5 14. exf5 gxf5 15. Ne2
e4 16. Nh2 Qg5 17. g3 Be5 18. Qd2 Qg7 19. Kd1 Bd4 20. Nf4 Qe5 21. Nf1 Nf6 22.
Ne3 Bd7 23. a4 Kg7 24. Ke2 h6 25. Kf1 Nh7 26. h4 Nf6 27. Bd1 Ng4 28. Bxg4 fxg4
29. Qe2 h5 30. Qc2 Rxf4 31. gxf4 Qxf4 32. Re1 Rf8 33. Re2 Bxe3 34. Ke1 Bd4 35.
Rxe4 Qxf2+ 36. Qxf2 Bxf2+ 37. Kd1 g3 0-1

[Event "35. Potsdamer Weihnachtsturnier"]
[Site "?"]
[Date "2010.12.28"]
[Round "4.30"]
[White "Stegmann, Jens"]
[Black "Friedel, Manuel"]
[Result "1-0"]
[WhiteElo "1839"]
[BlackElo "1633"]
[PlyCount "57"]
[EventDate "2010.??.??"]
[WhiteTeam "SC Zugzwang 95 e.V."]
[BlackTeam "SC Empor Potsdam 1952 e.V."]

1. d4 d5 2. Bf4 Nf6 3. e3 Bf5 4. c3 c6 5. Nd2 e6 6. Ngf3 Be7 7. Be2 O-O 8. Ne5
Nbd7 9. Qb3 Qb6 10. g4 Bg6 11. g5 Nxe5 12. gxf6 Nd3+ 13. Bxd3 Bxf6 14. Qxb6
axb6 15. Bxg6 fxg6 16. a3 Bh4 17. Bg3 Be7 18. h4 h6 19. Ke2 Ra4 20. Nf3 c5 21.
Ne5 g5 22. Ng6 Re8 23. Nxe7+ Rxe7 24. hxg5 hxg5 25. dxc5 bxc5 26. Bd6 Rf7 27.
Bxc5 b5 28. Rag1 g4 29. Bb4 1-0

[Event "35. Potsdamer Weihnachtsturnier"]
[Site "?"]
[Date "2010.12.28"]
[Round "4.31"]
[White "Leyrer, Thomas"]
[Black "Kostré, Margarita"]
[Result "0-1"]
[WhiteElo "1618"]
[BlackElo "1805"]
[PlyCount "46"]
[EventDate "2010.??.??"]
[WhiteTeam "SV Königsjäger Süd-West e.V."]
[BlackTeam "Schachpinguine Berlin e.V."]

1. d4 Nf6 2. c4 c5 3. d5 b5 4. b3 g6 5. Nd2 Bg7 6. Bb2 O-O 7. Ngf3 d6 8. Qc2
bxc4 9. bxc4 e6 10. e4 exd5 11. exd5 Re8+ 12. Be2 Bf5 13. Qd1 Bd3 14. Ng1 Na6
15. Rc1 Nb4 16. a3 Bxe2 17. Nxe2 Nd3+ 18. Kf1 Nxb2 19. Qc2 Rb8 20. Rb1 Qe7 21.
Ng3 Ng4 22. Nf3 Nxc4 23. Re1 Nge3+ 0-1

[Event "35. Potsdamer Weihnachtsturnier"]
[Site "?"]
[Date "2010.12.28"]
[Round "4.32"]
[White "Haar, Reinhard"]
[Black "Kliem, Helmut"]
[Result "0-1"]
[WhiteElo "1501"]
[BlackElo "1799"]
[PlyCount "90"]
[EventDate "2010.??.??"]
[WhiteTeam "SV Rochade Potsdam-West e.V."]
[BlackTeam "SV Königsjäger Süd-West e.V."]

1. d4 Nf6 2. c4 e6 3. Nc3 Bb4 4. Bd2 O-O 5. e3 b6 6. Be2 Bb7 7. Bf3 Bxf3 8.
Nxf3 d5 9. cxd5 exd5 10. O-O Nbd7 11. Rc1 a6 12. Ne5 Bd6 13. Nc6 Qe8 14. Re1
Nb8 15. Nxb8 Qxb8 16. e4 dxe4 17. Nxe4 Nxe4 18. Rxe4 Re8 19. Rh4 g6 20. d5 Qd8
21. Rh3 Re4 22. Bc3 Rh4 23. Qf3 Qg5 24. Rd1 Rxh3 25. Qxh3 Be5 26. Bxe5 Qxe5 27.
Qc3 Qxc3 28. bxc3 Rd8 29. f3 Kf8 30. Kf2 Ke7 31. Ke2 Kd6 32. Rd4 Kc5 33. Kd3
Rxd5 34. Rxd5+ Kxd5 35. f4 c5 36. c4+ Kd6 37. a4 f5 38. g3 Kc6 39. h3 h5 40. h4
b5 41. a5 bxc4+ 42. Kxc4 Kd6 43. Kd3 Kd5 44. Kc3 c4 45. Kd2 Kd4 0-1

[Event "35. Potsdamer Weihnachtsturnier"]
[Site "?"]
[Date "2010.12.28"]
[Round "4.33"]
[White "Schwedek, Tony"]
[Black "Maslov, Maxim"]
[Result "1-0"]
[WhiteElo "1456"]
[BlackElo "1790"]
[PlyCount "85"]
[EventDate "2010.??.??"]
[WhiteTeam "SC Zitadelle Spandau 1977 e.V."]
[BlackTeam "TuS Makkabi Berlin e.V."]

1. d4 d5 2. c4 e6 3. Nc3 c6 4. e4 Bb4 5. exd5 cxd5 6. Nf3 Nf6 7. Bg5 Qa5 8.
Bxf6 Bxc3+ 9. bxc3 Qxc3+ 10. Nd2 gxf6 11. Rc1 Qxd4 12. cxd5 Bd7 13. dxe6 fxe6
14. Qh5+ Ke7 15. Nc4 Nc6 16. Rd1 Qe4+ 17. Be2 e5 18. Rxd7+ Kxd7 19. O-O Ke7 20.
Ne3 Nd4 21. Bc4 Qg6 22. Qd1 Rhd8 23. Qa4 a6 24. Nd5+ Kf8 25. Qb4+ Kg7 26. Qxb7+
Kh6 27. f4 Rab8 28. Qe7 Ne2+ 29. Bxe2 Rxd5 30. Rf3 Qb1+ 31. Bf1 Qb6+ 32. Kh1
Rb7 33. Qf8+ Rg7 34. Rh3+ Kg6 35. f5+ Kxf5 36. Qxg7 Rd1 37. Rf3+ Ke4 38. Qxh7+
Kd5 39. Qd7+ Qd6 40. Qxd6+ Kxd6 41. Rd3+ Rxd3 42. Bxd3 Kd5 43. Bxa6 1-0

[Event "35. Potsdamer Weihnachtsturnier"]
[Site "?"]
[Date "2010.12.28"]
[Round "4.34"]
[White "Cech, Tim"]
[Black "Heinrich, Daniela"]
[Result "0-1"]
[WhiteElo "1780"]
[BlackElo "1476"]
[PlyCount "109"]
[EventDate "2010.??.??"]
[WhiteTeam "USV Potsdam e.V., Abt. Schach"]
[BlackTeam "Schachverein Briesen e.V."]

1. e4 c5 2. b3 Nc6 3. Bb2 d6 4. Nc3 Nf6 5. Bb5 Bd7 6. Nge2 a6 7. Bxc6 Bxc6 8.
d3 e6 9. O-O g6 10. a4 Bg7 11. a5 Nd7 12. f4 O-O 13. Ra2 Rb8 14. d4 cxd4 15.
Nxd4 Qc7 16. f5 Rfe8 17. b4 b5 18. Nxc6 Qxc6 19. Qf3 exf5 20. exf5 Bd4+ 21. Kh1
Qxf3 22. gxf3 gxf5 23. Nxb5 Bxb2 24. Nxd6 Re6 25. Nxf5 Rxb4 26. Rd1 Nf6 27.
Rd8+ Ne8 28. c4 Kf8 29. c5 Be5 30. Rad2 Bc7 31. Rc8 Rg6 32. Rd1 Rb8 33. Rxb8
Bxb8 34. Rd8 Bc7 35. Rc8 Bxa5 36. Nd6 Re6 37. Ra8 Bc7 38. Rxa6 Bxd6 39. cxd6
Rxd6 40. Rxd6 Nxd6 41. Kg2 Ke7 42. Kg3 Kf6 43. h4 h5 44. Kf4 Nc4 45. Ke4 Nd2+
46. Ke3 Nc4+ 47. Ke4 Ke6 48. Kd4 Ne5 49. Ke4 Ng6 50. f4 Nxh4 51. f5+ Nxf5 52.
Kf4 h4 53. Kg4 Ke5 54. Kh3 Ke4 55. Kg4 0-1

[Event "35. Potsdamer Weihnachtsturnier"]
[Site "?"]
[Date "2010.12.28"]
[Round "4.35"]
[White "Reyher, Susan"]
[Black "Schroeder, Detlef"]
[Result "0-1"]
[WhiteElo "1392"]
[BlackElo "1771"]
[PlyCount "78"]
[EventDate "2010.??.??"]
[WhiteTeam "SC Empor Potsdam 1952 e.V."]
[BlackTeam "SV Motor Wildau e.V."]

1. e4 c5 2. Nf3 a6 3. d4 cxd4 4. Nxd4 Qc7 5. Nc3 e6 6. Be3 Bb4 7. Qd2 Nf6 8. f3
d5 9. Bd3 e5 10. a3 exd4 11. axb4 dxc3 12. bxc3 O-O 13. O-O dxe4 14. fxe4 Rd8
15. Qe2 Ng4 16. Bf4 Qxc3 17. b5 a5 18. h3 Ne5 19. Bd2 Qc5+ 20. Be3 Qd6 21. Bf4
Be6 22. Rfd1 Nbd7 23. Qf2 Qe7 24. Be2 Bc4 25. Bxc4 Nxc4 26. Rd4 Ndb6 27. Rd3
Nd7 28. Re1 Nde5 29. Rg3 Qe6 30. Qe2 Rd7 31. Qh5 Ng6 32. Bc1 a4 33. Qc5 Qd6 34.
Qf2 Qb4 35. c3 Qxb5 36. Qa2 Qb3 37. Qa1 Rd1 38. Rxd1 Qxd1+ 39. Kh2 Nd2 0-1

[Event "35. Potsdamer Weihnachtsturnier"]
[Site "?"]
[Date "2010.12.28"]
[Round "4.36"]
[White "Schellknecht, Joerg"]
[Black "Fuchs, Dominik"]
[Result "1-0"]
[WhiteElo "1765"]
[BlackElo "1332"]
[PlyCount "97"]
[EventDate "2010.??.??"]
[WhiteTeam "SC Caissa Falkensee e.V."]
[BlackTeam "SC Zitadelle Spandau 1977 e.V."]

1. e4 g6 2. d4 Bg7 3. Nf3 c6 4. Bd3 d5 5. c3 dxe4 6. Bxe4 Nf6 7. Bc2 O-O 8. O-O
Re8 9. Nbd2 Nbd7 10. Nc4 Nd5 11. Re1 c5 12. Bg5 cxd4 13. Nxd4 Qc7 14. Bb3 N5f6
15. Bh4 Nc5 16. Bg3 Qd8 17. Ne5 e6 18. Qf3 Nxb3 19. axb3 Qd5 20. Qe3 Bd7 21. c4
Qc5 22. Qc3 Nh5 23. Nxd7 Qxd4 24. Qxd4 Bxd4 25. Be5 Bxe5 26. Nxe5 Red8 27. Red1
Nf6 28. f3 a6 29. Kf2 Kf8 30. Ke3 Ke7 31. g4 g5 32. b4 h6 33. b3 Ke8 34. Rd3
Rxd3+ 35. Nxd3 Nd7 36. h4 f6 37. Rh1 Ke7 38. hxg5 hxg5 39. Rh7+ Kd6 40. Nf2 Rd8
41. Ne4+ Ke5 42. Rf7 b6 43. Rg7 a5 44. bxa5 bxa5 45. Rf7 a4 46. bxa4 Nb6 47.
Rc7 Nxa4 48. Ra7 Nb2 49. Ra5+ 1-0

[Event "35. Potsdamer Weihnachtsturnier"]
[Site "?"]
[Date "2010.12.28"]
[Round "4.39"]
[White "Paul, Fabian"]
[Black "Bielick, Jakob"]
[Result "1/2-1/2"]
[WhiteElo "1245"]
[BlackElo "1700"]
[PlyCount "103"]
[EventDate "2010.??.??"]
[WhiteTeam "SC Zitadelle Spandau 1977 e.V."]
[BlackTeam "USV Potsdam e.V., Abt. Schach"]

1. c4 Nf6 2. d3 g6 3. Nf3 Bg7 4. g3 d5 5. Nc3 dxc4 6. Qa4+ Bd7 7. Qxc4 O-O 8.
Bg2 Nc6 9. O-O Rb8 10. Bf4 a6 11. a4 Be6 12. Qc5 Nd5 13. Nxd5 Bxd5 14. Bxc7
Qxc7 15. Qxd5 Bxb2 16. Rab1 Bf6 17. Rfc1 Rfd8 18. Qc5 Qd7 19. Rc4 Rdc8 20. Qb6
e6 21. Nd2 Bd8 22. Bxc6 Rxc6 23. Qa7 Rxc4 24. Nxc4 Qc7 25. Na5 b6 26. Qxc7 Bxc7
27. Nc6 Re8 28. f4 Kf8 29. e4 Rc8 30. e5 Bd6 31. Na7 Bc5+ 32. Kg2 Rc7 33. Nb5
axb5 34. axb5 Rd7 35. Rb3 Rd4 36. Kf3 Ke7 37. h3 Rb4 38. Rxb4 Bxb4 39. Ke4 f6
40. g4 h6 41. h4 Be1 42. h5 g5 43. f5 fxe5 44. Kxe5 Bg3+ 45. Ke4 Kf6 46. fxe6
Kxe6 47. d4 Bf2 48. d5+ Kf6 49. d6 Bg3 50. d7 Bc7 51. Kd5 Bd8 52. Kd6 1/2-1/2

[Event "35. Potsdamer Weihnachtsturnier"]
[Site "?"]
[Date "2010.12.28"]
[Round "4.40"]
[White "Laurin, Dirk"]
[Black "Faust, Adrian"]
[Result "1/2-1/2"]
[WhiteElo "1678"]
[BlackElo "1194"]
[PlyCount "58"]
[EventDate "2010.??.??"]
[WhiteTeam "SG Narva Berlin e.V."]
[BlackTeam "Potsdamer SV Mitte e.V."]

1. e4 e5 2. Nf3 Nf6 3. Nxe5 d6 4. Nf3 Nxe4 5. d3 Nf6 6. Be2 Be7 7. O-O O-O 8.
c4 Bf5 9. Nc3 c5 10. b3 Nc6 11. Bb2 d5 12. cxd5 Nxd5 13. d4 Bf6 14. Nxd5 Qxd5
15. Bc4 Qd8 16. Qc1 Nxd4 17. Nxd4 Bxd4 18. Bxd4 Qxd4 19. Rd1 Qf6 20. Bd5 Qe7
21. Re1 Qc7 22. Qc4 Rac8 23. Re3 b6 24. Rae1 Qd7 25. Re7 Qd6 26. Rxf7 Rxf7 27.
Bxf7+ Kf8 28. Bd5 Rd8 29. Bf3 Qd2 1/2-1/2

[Event "35. Potsdamer Weihnachtsturnier"]
[Site "?"]
[Date "2010.12.28"]
[Round "4.41"]
[White "Krefenstein, Sergej"]
[Black "Calamar, Traian"]
[Result "1-0"]
[WhiteElo "1998"]
[BlackElo "1864"]
[PlyCount "61"]
[EventDate "2010.??.??"]
[WhiteTeam "ohne Verein"]
[BlackTeam "ohne Verein"]

1. e4 d6 2. d4 Nf6 3. Nc3 g6 4. f3 Bg7 5. Be3 O-O 6. Qd2 c6 7. g4 e5 8. O-O-O
Qa5 9. Bc4 b5 10. Bb3 exd4 11. Bxd4 c5 12. Bxf6 Bxf6 13. Bd5 b4 14. Nb1 Be6 15.
Bxa8 Qxa2 16. c3 Nd7 17. Bd5 Bxd5 18. Qxd5 Qa4 19. Ne2 Be5 20. f4 Nb6 21. Qd3
Bg7 22. Qxd6 Rc8 23. e5 Bf8 24. Qd3 Be7 25. h4 c4 26. Qe4 Bc5 27. h5 Qa2 28.
hxg6 hxg6 29. e6 Na4 30. exf7+ Kxf7 31. Rd7+ 1-0

[Event "35. Potsdamer Weihnachtsturnier"]
[Site "?"]
[Date "2010.12.28"]
[Round "4.42"]
[White "Hunstock, Fabian"]
[Black "Bieg, Pascal"]
[Result "0-1"]
[WhiteElo "1123"]
[BlackElo "1667"]
[PlyCount "70"]
[EventDate "2010.??.??"]
[WhiteTeam "SC Zitadelle Spandau 1977 e.V."]
[BlackTeam "SV Königsjäger Süd-West e.V."]

1. d4 Nf6 2. c4 g6 3. Nc3 Bg7 4. e3 O-O 5. Nf3 d6 6. Be2 Nbd7 7. O-O e5 8. Re1
Re8 9. b4 exd4 10. exd4 Nf8 11. Be3 d5 12. cxd5 Nxd5 13. Nxd5 Qxd5 14. Qd2 Ne6
15. Rac1 c6 16. Bc4 Qd8 17. a4 Bd7 18. Red1 Nc7 19. Bh6 Bg4 20. Bxg7 Kxg7 21.
d5 Bxf3 22. Qc3+ Qf6 23. Qxf6+ Kxf6 24. gxf3 Nxd5 25. Bxd5 cxd5 26. Rxd5 Re7
27. Rcd1 Rae8 28. Kg2 Re1 29. Kg3 Rxd1 30. Rxd1 Re7 31. h4 Rc7 32. b5 b6 33.
Rd4 Ke6 34. Re4+ Kd5 35. Kg4 f5+ 0-1

[Event "35. Potsdamer Weihnachtsturnier"]
[Site "?"]
[Date "2010.12.28"]
[Round "4.43"]
[White "Heinrich, Philipp"]
[Black "Mildenberger, Hans"]
[Result "1/2-1/2"]
[WhiteElo "1662"]
[BlackElo "1497"]
[PlyCount "41"]
[EventDate "2010.??.??"]
[WhiteTeam "Schachverein Briesen e.V."]
[BlackTeam "BVG Helmholtz"]

1. d4 e6 2. e4 d5 3. e5 c5 4. c3 Qb6 5. Nf3 Nc6 6. Be2 Bd7 7. O-O cxd4 8. cxd4
Nge7 9. Na3 Nf5 10. Nc2 Be7 11. b3 Rc8 12. Bb2 O-O 13. Qd2 a5 14. Rab1 Nb4 15.
Nxb4 Bxb4 16. Qf4 Rc7 17. Bd3 Rfc8 18. g4 Nh6 19. Ng5 g6 20. Nf3 Bf8 21. h3
1/2-1/2

[Event "35. Potsdamer Weihnachtsturnier"]
[Site "?"]
[Date "2010.12.28"]
[Round "4.44"]
[White "Wolff, Marie Antoinette"]
[Black "Toth, Hans-Juergen"]
[Result "0-1"]
[WhiteElo "1002"]
[BlackElo "1647"]
[PlyCount "78"]
[EventDate "2010.??.??"]
[WhiteTeam "SG Blau-Weiß 1948 Leegebruch"]
[BlackTeam "SF Zehdenick 76 e.V."]

1. e4 e6 2. Nf3 d5 3. exd5 exd5 4. d4 Be7 5. Nc3 Nf6 6. Bf4 c6 7. Be2 O-O 8.
O-O Bg4 9. h3 Nh5 10. Be3 Bxf3 11. Bxf3 Nf6 12. Ne2 Nbd7 13. Nf4 g6 14. h4 Bd6
15. h5 g5 16. Nh3 h6 17. b3 Ne4 18. Bxe4 dxe4 19. Qg4 f5 20. Qe2 f4 21. Bd2 Qe7
22. Qc4+ Qf7 23. Qe2 Rae8 24. Rab1 f3 25. gxf3 Qxh5 26. Qc4+ Kg7 27. d5 Qxh3
28. Bc3+ Be5 29. Bxe5+ Nxe5 30. Qd4 Qxf3 31. dxc6 bxc6 32. Qxa7+ Rf7 33. Qd4
Qg4+ 34. Kh2 Rf3 35. Qa7+ Kg6 36. Qe3 Rxe3 37. fxe3 Nf3+ 38. Rxf3 exf3 39. Rg1
Qh4# 0-1

[Event "35. Potsdamer Weihnachtsturnier"]
[Site "?"]
[Date "2010.12.28"]
[Round "4.45"]
[White "Gersdorf, Victoria"]
[Black "Born, Jonathan"]
[Result "0-1"]
[WhiteElo "881"]
[BlackElo "918"]
[PlyCount "72"]
[EventDate "2010.??.??"]
[WhiteTeam "Schachverein Briesen e.V."]
[BlackTeam "SV Königsjäger Süd-West e.V."]

1. e4 e5 2. Nf3 Nc6 3. Bc4 Bc5 4. O-O Nf6 5. Nc3 O-O 6. d3 d6 7. Bg5 h6 8. Be3
Nd4 9. a3 Bg4 10. Bxd4 Bxd4 11. h3 Bh5 12. Qd2 Bxf3 13. gxf3 Nh5 14. Kh1 Nf4
15. Rg1 Qh4 16. Rg2 Qxh3+ 17. Rh2 Qxf3+ 18. Kg1 Bxc3 19. Qxc3 Ne2+ 20. Kf1 Nxc3
21. bxc3 c6 22. Rb1 a5 23. Rxb7 Qd1+ 24. Kg2 Qxc2 25. Bb3 Qxc3 26. Rh3 Rab8 27.
Rxf7 Rxf7 28. Bxf7+ Kxf7 29. Rf3+ Kg8 30. d4 exd4 31. Rxc3 dxc3 32. Kg3 g6 33.
f4 Rb3 34. Kg4 c2 35. f5 c1=Q 36. Kh4 Qg5# 0-1

[Event "35. Potsdamer Weihnachtsturnier"]
[Site "?"]
[Date "2010.12.28"]
[Round "4.46"]
[White "Wolff, Joachim Peter"]
[Black "Ulrich, Gert"]
[Result "0-1"]
[WhiteElo "1116"]
[BlackElo "1750"]
[PlyCount "60"]
[EventDate "2010.??.??"]
[WhiteTeam "SG Blau-Weiß 1948 Leegebruch"]
[BlackTeam "ESV Delitzsch"]

1. c4 f5 2. d4 g6 3. Bg5 h6 4. Bc1 Nf6 5. Nf3 g5 6. e3 d6 7. Nc3 Bg7 8. Bd3 c6
9. d5 e5 10. dxe6 Bxe6 11. h3 Qe7 12. Nd4 Na6 13. Nxe6 Qxe6 14. O-O O-O-O 15.
Qf3 Kb8 16. Bd2 Nc5 17. Be2 g4 18. hxg4 fxg4 19. Qg3 h5 20. Qh4 Nfe4 21. Nxe4
Nxe4 22. Ba5 Rdf8 23. Rab1 Bf6 24. Qh2 h4 25. f4 Ng3 26. f5 Qxe3+ 27. Rf2 Nxe2+
28. Kf1 Ng3+ 29. Kg1 Bd4 30. Re1 Qxf2# 0-1

[Event "35. Potsdamer Weihnachtsturnier"]
[Site "?"]
[Date "2010.12.28"]
[Round "4.47"]
[White "Niels, Jonas-Paul"]
[Black "Nguyen, Anh Van"]
[Result "0-1"]
[WhiteElo "862"]
[BlackElo "1414"]
[PlyCount "54"]
[EventDate "2010.??.??"]
[WhiteTeam "Schachverein Briesen e.V."]
[BlackTeam "USV Potsdam e.V., Abt. Schach"]

1. e4 c6 2. Bc4 d5 3. exd5 cxd5 4. Bb3 Nf6 5. Nf3 Bg4 6. h3 Bh5 7. g4 Bg6 8. d3
Nc6 9. Rg1 e6 10. h4 h5 11. g5 Nd7 12. Nc3 Bb4 13. Bd2 Nde5 14. Qe2 Ng4 15.
O-O-O Qe7 16. Bf4 O-O-O 17. Nh2 Nxh2 18. Bxh2 Nd4 19. Qe3 Nxb3+ 20. cxb3 d4 21.
Qe1 dxc3 22. bxc3 Ba3+ 23. Kb1 Bxd3+ 24. Ka1 Bc2 25. Qe2 Bxd1 26. Rxd1 Rxd1+
27. Qxd1 Rd8 0-1

[Event "35. Potsdamer Weihnachtsturnier"]
[Site "?"]
[Date "2010.12.28"]
[Round "4.48"]
[White "Reyher, Bastian"]
[Black "Sandbrand, Alexandru"]
[Result "1-0"]
[WhiteElo "717"]
[BlackElo "1374"]
[PlyCount "31"]
[EventDate "2010.??.??"]
[WhiteTeam "SC Empor Potsdam 1952 e.V."]
[BlackTeam "SC Weisse Dame e.V."]

1. e4 e5 2. Nf3 Nc6 3. Bc4 Bc5 4. c3 Nf6 5. d4 Bd6 6. d5 Na5 7. Bb5 Nxe4 8. Be3
Nf6 9. Nbd2 Nxd5 10. Bg5 Be7 11. Ne4 Nb6 12. O-O c6 13. Nd6+ Kf8 14. Nxe5 f6
15. Qh5 fxg5 16. Qf7# 1-0

[Event "35. Potsdamer Weihnachtsturnier"]
[Site "?"]
[Date "2010.12.28"]
[Round "4.49"]
[White "Paliy, Margaryta"]
[Black "Faust, Uwe"]
[Result "1-0"]
[WhiteElo "1027"]
[BlackElo "832"]
[PlyCount "59"]
[EventDate "2010.??.??"]
[WhiteTeam "USV Potsdam e.V., Abt. Schach"]
[BlackTeam "Potsdamer SV Mitte e.V."]

1. e4 e5 2. Nf3 Nc6 3. Nc3 Nf6 4. d4 d6 5. Bb5 Bg4 6. O-O Be7 7. d5 Bxf3 8.
Qxf3 Qd7 9. dxc6 bxc6 10. Bc4 O-O 11. Qg3 Nh5 12. Qf3 Rab8 13. Qxh5 g6 14. Qf3
Rb4 15. Bb3 c5 16. a3 Rbb8 17. Nd5 c6 18. Nf6+ Kg7 19. Nxd7 Rbd8 20. Nxf8 Rxf8
21. Qh3 g5 22. Qh5 h6 23. h4 f6 24. Qg4 Kh7 25. Qd7 Kg6 26. Qxe7 Kh5 27. Qxf8
Kxh4 28. Qxh6+ Kg4 29. Be6+ f5 30. Bxf5# 1-0

[Event "35. Potsdamer Weihnachtsturnier"]
[Site "?"]
[Date "2010.12.28"]
[Round "4.51"]
[White "Schrodt, Horst"]
[Black "Lippianowski, Stefan"]
[Result "1-0"]
[WhiteElo "1699"]
[BlackElo "1280"]
[PlyCount "41"]
[EventDate "2010.??.??"]
[WhiteTeam "SC Eintracht Berlin e.V."]
[BlackTeam "Treptower SV 1949 e.V."]

1. d4 d5 2. c4 Nf6 3. Nc3 e6 4. Nf3 Bb4 5. Ne5 O-O 6. Bd2 Ne4 7. Nxe4 Bxd2+ 8.
Nxd2 f6 9. Nef3 Qe7 10. cxd5 exd5 11. e3 Qb4 12. Qb3 Qxb3 13. Nxb3 Bf5 14. Be2
Nc6 15. O-O Rf7 16. Rac1 a6 17. Nc5 b5 18. Nh4 g6 19. Nxf5 gxf5 20. Bf3 Nb4 21.
a3 1-0